Statistics for Chip Brands Logo Quiz

Click here to take the quiz!

General Stats

  • This quiz has been taken 450 times
  • The average score is 5 of 5

Answer Stats

Answer% Correct
Doritos
98%
Lay's
98%
Pringles
98%
Cheetos
96%
Tostitos
73%

Score Distribution

Percentile by Number Answered

Percent of People with Each Score

Your Score History

You have not taken this quiz